000 00598nam a2200241Ia 4500
003 OSt
005 20221005133508.0
006 a|||||r|||| 00| 0
007 ta
008 221004b |||||||| |||| 00| 0 mar d
024 _a53863
037 _cTextual
040 _aCRL
_cCRL
_bmar
041 _2mar
_amar
082 _aO155,3M98,2, 32M0
100 _aKhandekar V.S.
245 0 _aYayathi
260 _c1980
300 _a467p.
_ccm.
650 _aMARATHI LITERATURE
_938000
942 _hO155,3M98,2, 32M0
_cTEXL
_2cc
999 _c1067001
_d1067001